Meranie účtovnej expozície
Charakteristika účtovnej (translačnej) expozície. Závislosť účtovnej expozície. Medzinárodné spoločnosti využívajú štyri základné účtovné metódy - ich charakteristika. Príklady fungovania jednotlivých metód - Current Rate, Monetary non Monetary, Temporal a Current non Current.
Gespeichert in:
| 1. Verfasser: | |
|---|---|
| Format: | Buchkapitel |
| Sprache: | Slowakisch |
| Schlagworte: | |
| Tags: |
Keine Tags, Fügen Sie das erste Tag hinzu!
|
MARC
| LEADER | 00000naa a2200000 4500 | ||
|---|---|---|---|
| 001 | r038232 | ||
| 005 | 20240502071334.1 | ||
| 041 | 0 | |a slo | |
| 044 | |a SK | ||
| 245 | 1 | 0 | |a Meranie účtovnej expozície |c Anna Polednáková |
| 520 | |a Charakteristika účtovnej (translačnej) expozície. Závislosť účtovnej expozície. Medzinárodné spoločnosti využívajú štyri základné účtovné metódy - ich charakteristika. Príklady fungovania jednotlivých metód - Current Rate, Monetary non Monetary, Temporal a Current non Current. | ||
| 610 | 2 | 0 | |a výkazy účtovné |
| 610 | 2 | 0 | |a kurz menový |
| 610 | 2 | 0 | |a závierka účtovná |
| 610 | 2 | 0 | |a aktíva |
| 610 | 2 | 0 | |a pasíva |
| 610 | 2 | 0 | |a spoločnosti materské |
| 610 | 2 | 0 | |a spoločnosti dcérske |
| 100 | 1 | |a Polednáková, Anna, 1957- | |